000 01485nam0a2200361 4500
001 RU\NLR\bibl\1475375
005 20250616003658.0
010 _a978-5-9667-0573-2
_97700
021 _aRU
_b2009-103864
_96616
035 _a(nilc)EL/0000284273
035 _a(NLR Aleph) 001467048
090 _a1619671
_c1619671
100 _a20090804d2009 |||y0rusy50 ca
101 0 _arus
102 _aRU
105 _ay |||||||||
200 1 _aКавказские пленники в русской литературе
_fСофья Каганович
210 _aМосква
_cЧистые пруды
_d2009
215 _a29, [1] с.
_d21
225 1 _aБиблиотечка "Первого сентября"
_iСерия "Литература"
_fобщ. ред.: С.Ф. Дмитренко, С.В. Волков
_vвып. 27
320 _aБиблиогр. в подстроч. примеч.
606 1 _aРусская литература
_xОбразы
_91211154
_3RU\NLR\auth\66173162
607 _aКавказ
_xв художественной литературе русской
_91249669
_3RU\NLR\auth\66511395
686 _a74.268.3
_vLBC/RL
_2rubbk
686 _aШ5(2=Р)-34
686 _aЧ426.21(2)31
700 1 _aКаганович
_bС. Л.
_gСофья Львовна
_4070
801 0 _aRU
_bПермская ГОУБ
_c20090804
_grcr
801 1 _aRU
_bПермская ГОУБ
_c20090804
801 2 _aRU
_bNLR
_c20100218
_grcr
942 _cBOOK
980 _aNB